000 00375nam a22001217a 4500
999 _c3907
_d3907
005 20210423143708.0
008 210423b ||||| |||| 00| 0 eng d
020 _a9780198422556
040 _cCML
245 _aThat;s Incredible!
_cPimm J., Bradman T., Dhami N.
260 _aLondon
_bOxford University Press
_c2017
942 _2ddc
_cBK
_e1st Edition
_h428.6
_mPIM